000 00553pab a2200193 454500
008 180718b2017 xxu||||| |||| 00| 0 eng d
100 _aJoshi, P.K.
245 _aMaking pulses affordable again: policy options from the farm to retail in India
260 _c2017
300 _ap.37-44.
362 _a7 Jan
650 _aPulses - India
650 _aAgricultural production - India
650 _aAgricultural production
700 _aRoy, Devesh
700 _aKishore, Avinash
773 _aEconomic and Political Weekly
909 _a113153
999 _c113148
_d113148